000 00336nam a22001457a 4500
008 210602b ||||| |||| 00| 0 eng d
020 _a0205106226
041 _aeng
080 _26th
_a159.9
082 _a159.9
100 _a48
101 _aPSI
245 _aPsychological Testing and Assessment
_cLewis R. Aiken
942 _2udc
_cBK
999 _c57900
_d57900